[Event "IECG CE.2002.0.00023 email"]
[Site "IECG email"]
[Date "2002.01.29"]
[Round "?"]
[White "Trevis, Robert R"]
[Black "Franck, Book"]
[Result "1-0"]
[WhiteElo "1346"]
[BlackElo "1200"]
[PlyCount "31"]
[EventDate "2002.01.29"]
[EventType "tourn (corr)"]
[EventRounds "6"]
[SourceTitle "Corr 2008"]
[Source "ChessBase"]
[SourceDate "2008.06.24"]
[SourceVersion "1"]
[SourceVersionDate "2008.06.24"]
[SourceQuality "1"]

1. Nc3 e6 2. e4 f5 3. exf5 exf5 4. d4 Nf6 5. Nf3 d5 6. Bd3 Bd6 7. Qe2+ Be7 8. 0-0 0-0 9. Bg5 c6 10. Rfe1 Ne4 11. Bxe7 Qxe7 12. a3 Be6 13. Qe3 Nd7 14. Qf4 Rae8 15. Nd1 Rf6 16. b3 1-0